00571nam a2200133 a 450000100100000000500170001000800410002704000250006808200160009311000700010924501590017926000700033830000290040800003053820200930062352.0110523s1932 dr c r 000 | spa d aDO-SdBNPbspacBNPHU axxxxbR426d1 aRepública Dominicana.bPresidente (1930-1938 : Trujillo Molina)10aDiscurso del hon. Presidente de la República, general Rafael L. Trujillo Molina, al inaugurar oficialmente el Ateneo Dominicanio el 23 de enero de 1932. a[Ciudad Trujillo, República Dominicana] :bLa Opinión,c1932. a76 p. :bretr. ;c18 cm.